00650nam a22001937a 450000500170000001000130001702000270003003500130005703500130007003700280008303700120011108200130012310000210013624501740015725000110033126000420034227000460038430000260043020170531105705.0 aB-670038 a9789386189905c2100.00 aB-670038 aB-666046 bCL/RP/K.K. Publications bVariety a657.0954 aChatterjee, B.D. aTaxmann's illustrated guide to Indian accounting standards [Ind AS] :bas amended by companies (Indian accounting standards) (Amendment) rules 2016 /cby B.D. Chatterjee a3rd ed aNew DelhibTaxmann Publicationsc2017 a59/32, New Rohtak RoadbNew Delhie110005 aI-276,962p.c24cm(Hb)